01402nam a22003494a 4500001001100000003000800011006001900019007001500038008004100053010001700094020002200111040002100133035002000154050002300174082001700197245017600214246004400390260003700434300003200471500004700503500001200550500002500562504004100587533015200628650004200780655002900822700002300851700001900874710001700893856012500910999001701035ebr5002312CaPaEBRm u cr cn|||||||||990309s1999 cauab sb 000 0 eng  z 99024933  z0833026631 (pbk.) aCaPaEBRcCaPaEBR a(OCoLC)7072873514aUG478b.S77 1999eb04a355.3/4322100aStrategic appraisalh[electronic resource] :bthe changing role of information in warfare /cedited by Zalmay M. Khalilzad, John P. White ; foreword by Andrew W. Marshall.30aChanging role of information in warfare aSanta Monica, CA :bRAND,c1999. axxiii, 452 p. :bill., map. a"Prepared for the United State Air Force." a"Rand." a"Project AIR FORCE." aIncludes bibliographical references. aElectronic reproduction.bPalo Alto, Calif. :cebrary,d2013.nAvailable via World Wide Web.nAccess may be limited to ebrary affiliated libraries. 0aMilitary art and sciencexAutomation. 7aElectronic books.2local1 aKhalilzad, Zalmay.1 aWhite, John P.2 aebrary, Inc.40uhttp://site.ebrary.com/lib/rucke/Doc?id=5002312zAn electronic book accessible through the World Wide Web; click to view c16664d16664